00653nam a22002417a 4500003000500000005001700005008004100022010001000063011001000073035001000083040000900093082001700102100002000119245004000139260002900179300002000208490004500228650002700273650002700300700002400327700001500351830004500366CHAP20220817042318.0971013s1991 r 00010 d a40491 a41463 a45589 cCHAP a635.0913bW500aWilliams, C. N. aVegetable production in the tropics aLondon :bLongman,c1991 a179 p.b: ilus. aIntermediate tropical agriculture series14aHorticultura tropical.14aLegumbresxTrópicos.0 aPeregrine, W. T. H.0 aUzo, J. O.0 aIntermediate tropical agriculture series